[Event "FRA-chT4"]
[Site "Champagne Ardenne"]
[Date "2005.01.09"]
[Round "4"]
[White "Laurent, Michel"]
[Black "Vieira, Thibault"]
[Result "1-0"]
[WhiteElo "1499"]
[BlackElo "1660"]
[PlyCount "77"]
[EventDate "2005.01.09"]
[EventType "team-tourn"]
[EventRounds "7"]
[EventCountry "FRA"]
[SourceTitle "EXT 2007"]
[Source "ChessBase"]
[SourceDate "2006.11.23"]
[SourceVersion "1"]
[SourceVersionDate "2006.11.23"]
[SourceQuality "1"]

1. e4 c5 2. Nf3 Nc6 3. c3 Nf6 4. d3 g6 5. Be2 Bg7 6. h3 0-0 7. Nbd2 d6 8. a3 a5 9. Nc4 Be6 10. Ne3 a4 11. Nh2 Na5 12. Nhg4 Nb3 13. Nxf6+ Bxf6 14. Rb1 Qb6 15. Bg4 Qc6 16. Bxe6 fxe6 17. 0-0 d5 18. exd5 exd5 19. Ng4 Nxc1 20. Nxf6+ exf6 21. Qxc1 Rfe8 22. Qf4 Kf7 23. h4 Re2 24. Rfe1 Rae8 25. Rxe2 Rxe2 26. Qc1 Qe6 27. Qd1 b5 28. Kf1 Re5 29. b3 Qa6 30. b4 c4 31. Rb2 Qe6 32. dxc4 dxc4 33. Rd2 Ke7 34. Rd8 Re4 35. Rd4 h5 36. f3 Re3 37. Kf2 f5 38. Qd2 Qe5 39. Qxe3 1-0

[Event "FRA-chT4"]
[Site "Ech Ardennais/La Francheville"]
[Date "2004.12.05"]
[Round "3"]
[White "George, Fabrice"]
[Black "Vieira, Thibault"]
[Result "1-0"]
[WhiteElo "1840"]
[BlackElo "1730"]
[PlyCount "51"]
[EventDate "2004.10.10"]
[EventType "team-tourn"]
[EventRounds "3"]
[EventCountry "FRA"]
[SourceTitle "EXT 2007"]
[Source "ChessBase"]
[SourceDate "2006.11.23"]
[SourceVersion "1"]
[SourceVersionDate "2006.11.23"]
[SourceQuality "1"]

1. e4 c5 2. Nf3 Nc6 3. d4 cxd4 4. Nxd4 Nf6 5. Nc3 g6 6. Be3 Bg7 7. f3 d6 8. Qd2 Bd7 9. Bc4 Ne5 10. Bb3 Rc8 11. 0-0-0 a6 12. g4 b5 13. g5 Nh5 14. Nd5 Nc4 15. Bxc4 Rxc4 16. Ne2 0-0 17. Ng3 Be8 18. Nxh5 gxh5 19. b3 Rc6 20. Bd4 e5 21. Be3 f6 22. gxf6 Bxf6 23. Nxf6+ Rxf6 24. Bg5 Bg6 25. Bxf6 Qxf6 26. Qd5+ 1-0